[Event "National op"]
[Site "Chicago"]
[Date "1988.??.??"]
[Round "?"]
[White "Schea, Revi"]
[Black "Watson, John L"]
[Result "1-0"]
[WhiteElo "2275"]
[BlackElo "2415"]
[PlyCount "39"]
[EventDate "1988.??.??"]
[EventType "swiss"]
[EventRounds "9"]
[EventCountry "USA"]
[SourceTitle "EXT 1997"]
[Source "ChessBase"]
[SourceDate "1996.11.15"]
[SourceVersion "1"]
[SourceVersionDate "1996.11.15"]
[SourceQuality "1"]

1. e4 Nf6 2. e5 Nd5 3. d4 d6 4. Nf3 Bg4 5. Be2 e6 6. 0-0 Be7 7. c4 Nb6 8. Be3 0-0 9. Nc3 d5 10. c5 Bxf3 11. gxf3 Nc8 12. f4 Nc6 13. a3 f5 14. Kh1 Kh8 15. Rg1 Bh4 16. Bd3 g6 17. Nb1 N8e7 18. Nd2 Nxe5 19. fxe5 f4 20. Nf3 1-0